LEADER 13699nam 22008775 450 001 996466232003316 005 20200629164510.0 010 $a3-319-27060-5 024 7 $a10.1007/978-3-319-27060-9 035 $a(CKB)4340000000001232 035 $a(SSID)ssj0001584803 035 $a(PQKBManifestationID)16264499 035 $a(PQKBTitleCode)TC0001584803 035 $a(PQKBWorkID)14865370 035 $a(PQKB)10088810 035 $a(DE-He213)978-3-319-27060-9 035 $a(MiAaPQ)EBC5586745 035 $a(Au-PeEL)EBL5586745 035 $a(OCoLC)932170460 035 $a(PPN)190529636 035 $a(EXLCZ)994340000000001232 100 $a20151119d2015 u| 0 101 0 $aeng 135 $aurnn#008mamaa 181 $ctxt 182 $cc 183 $acr 200 10$aAdvances in Artificial Intelligence and Soft Computing$b[electronic resource] $e14th Mexican International Conference on Artificial Intelligence, MICAI 2015, Cuernavaca, Morelos, Mexico, October 25-31, 2015, Proceedings, Part I /$fedited by Grigori Sidorov, Sofía N. Galicia-Haro 205 $a1st ed. 2015. 210 1$aCham :$cSpringer International Publishing :$cImprint: Springer,$d2015. 215 $a1 online resource (XXIX, 575 p. 224 illus. in color.) 225 1 $aLecture Notes in Artificial Intelligence ;$v9413 300 $aBibliographic Level Mode of Issuance: Monograph 311 $a3-319-27059-1 327 $aIntro -- Preface -- Conference Organization -- Contents - Part I -- Contents - Part II -- Invited Paper -- Signs-Based vs. Symbolic Models -- Abstract -- 1 Introduction -- 2 Sign -- 3 Relations Over a Set of Signs -- 3.1 Relations Over a Set of Signs Generated by Their Images -- 3.2 Relations Over the Set of Signs Generated by Their Significances -- 3.3 Relations Over a Set of Signs Generated by Their Meanings -- 4 Operations Over a Set of Signs -- 5 Applications to Cognitive Psychology and Synthesis of Behavior -- 5.1 Actor's Model of the World -- 5.2 The Problem of Goal Setting -- 6 Conclusion -- Acknowledgments -- References -- Natural Language Processing -- SynFinder: A System for Domain-Based Detection of Synonyms Using WordNet and the Web of Data -- 1 Introduction -- 2 Background and Related Works -- 3 Structure of the System -- 3.1 Parameters of SynFinder -- 4 Experimentation -- 4.1 Methodology -- 4.2 Results -- 5 Conclusions and Future Work -- References -- Ro-PAAS -- A Resource Linked to the UAIC-Ro-Dep-Treebank -- Abstract -- 1 Introduction -- 2 Extending the Sense of the Term ``Predicate'' -- 2.1 Categories of Words Which Can Be Logical Predicates -- 2.2 The Dependency Status of Function Words -- 3 Related Works -- 4 Description of Ro-PAAS -- 4.1 The Verb ``a putea'' (Can) -- 4.2 The Content of .xml Tags -- 5 A Tool for Searching Patterns in the UAIC-RoTb: GGS (Graphical Grammar Studio) -- 6 Conclusion and Future Works -- 6.1 Increasing the Size and the Quality of Romanian Resources -- 6.2 The Old Romanian Language -- Appendix: The 4-th Pattern of Verb ``a putea'' in RoPAAS -- References -- Word-Order Analysis Based Upon Treebank Data -- 1 Introduction -- 2 Setup of the Experiment -- 2.1 HamleDT and Available Treebanks -- 2.2 PML-TQ Tree Query -- 3 Analysis of Data -- 3.1 Czech -- 3.2 English -- 3.3 Farsi -- 3.4 Comparison of Results. 327 $a3.5 Application of Results -- 4 Conclusions -- References -- Low-Level Features for Paraphrase Identification -- Abstract -- 1 Introduction -- 2 Related Work -- 3 Data -- 4 Paraphrase Identification -- 4.1 Baselines -- 4.2 Extended Features -- 5 Evaluation -- 6 Conclusion and Future Work -- Acknowledgments -- References -- Multilingual Unsupervised Dependency Parsing with Unsupervised POS Tags -- 1 Introduction -- 2 Related Work -- 3 Unsupervised Dependency Parser -- 4 Data -- 5 Word Clustering -- 6 Experiments and Results -- 7 Conclusions -- 8 Future Work -- References -- Term Dependence Statistical Measures for Information Retrieval Tasks -- 1 Introduction -- 2 Dependence Analysis -- 2.1 Problem Statement -- 2.2 Independence Tests -- 2.3 Measures of Association or Correlation -- 3 Experimental Design and Results -- 3.1 Test Collection Description -- 3.2 Independence Test Design -- 3.3 Experimental Results Analysis -- 4 Conclusions -- References -- The Role of n-grams in Firstborns Identification -- 1 Introduction -- 2 Related Work -- 3 Data Set -- 4 Followed Methodology -- 4.1 Experimental Setup -- 4.2 Lexical Features -- 4.3 Syntactic Features -- 5 Analysis and Discussion -- 6 Conclusions -- References -- Recognition of Paralinguistic Information in Spoken Dialogue Systems for Elderly People -- 1 Introduction -- 2 Related Work -- 3 Data Used for Experimentation -- 4 Data Analysis -- 4.1 Segmentation of Interaction Recordings -- 4.2 Phenomena Selection -- 4.3 Speech Characterization -- 5 Automatic Phenomena Recognition -- 6 Differences Between Young and Older Speakers -- 7 Conclusions -- References -- Practical Measurements for Quality of Ontology Matching Applying to the OAEI Dataset -- Abstract -- 1 Introduction -- 2 Related Work -- 3 Finding False-Positive Correspondences -- 4 Experimental Results -- 5 Conclusion -- Appendix -- References. 327 $aAutomatic Phoneme Border Detection to Improve Speech Recognition -- Abstract -- 1 Introduction -- 2 Application Block Diagram -- 3 Automatic Phoneme Border Detection -- 4 Experiments and Results -- 5 Conclusion -- Acknowledgments -- References -- Logic and Multi-agent Systems -- Description Logic Programs: A Paraconsistent Relational Model Approach -- 1 Introduction -- 2 Paraconsistent Relation Model and Its Operators -- 3 Descripiton Logic Programs -- 3.1 Definite Logic Programs (P) -- 3.2 Description Logic (L) -- 3.3 Description Logic Programs (KB) -- 4 Dl-relations -- 5 Fixed-Point Semantics for Dl-programs -- 6 Conclusion -- References -- A Branch & -- Bound Algorithm to Derive a Direct Construction for Binary Covering Arrays -- 1 Introduction -- 2 Related Work -- 3 Proposed Solution -- 3.1 Generation of Covering Arrays Using Binomial Coefficients -- 3.2 A Branch and Bound Algorithm -- 3.3 The Explicit Formula -- 4 Computational Results -- 5 Conclusions -- References -- On the Model Checking of the Graded -calculus on Trees -- 1 Introduction -- 1.1 Motivations and Related Works -- 1.2 Contributions and Outline -- 2 Graded -calculus for Trees -- 3 Model Checking -- 3.1 Preliminaries -- 3.2 The Algorithm -- 4 Conclusions -- References -- Lifelong Learning Selection Hyper-heuristics for Constraint Satisfaction Problems -- 1 Introduction -- 2 Related Work -- 3 Problem Characterization and Ordering Heuristics -- 3.1 Problem State Characterization -- 3.2 Ordering Heuristics -- 4 A Lifelong Learning Selection Hyper-heuristic Model for CSPs -- 4.1 Benchmark Instances -- 5 Experiments -- 5.1 Producing Hyper-heuristics for Specific Classes of Instances -- 5.2 Producing a Hyper-heuristic for Multiple Classes of Instances -- 5.3 Discussion -- 6 Conclusion -- References -- A Parametric Polynomial Deterministic Algorithm for #2SAT -- 1 Introduction. 327 $a2 Preliminaries -- 2.1 The Constraint Graph of a 2-CF -- 3 Computing #2SAT According to the Topology of the Constrained Graph -- 3.1 #2SAT for 2-CF Representing a Path -- 3.2 #2SAT for 2-CF Whose Graph Contains Parallel Edges -- 3.3 Processing Acyclic Graphs -- 4 Formulas with Constraint Cyclic Graph -- 4.1 Example -- 5 Conclusion -- References -- A Performative-Based Information Capacity Calculation Metric for MultiAgent Interaction Protocols -- Abstract -- 1 Introduction -- 2 Discrete Noiseless Channel Modeling of MAS Communication and the Metric -- 3 Application of the Metric to Agent Communication Protocols -- 3.1 FIPA Contract Net Protocol -- 3.2 FIPA Iterated Contract Net Protocol -- 4 Results and Discussions -- 5 Conclusions -- References -- Bioinspired Algorithms -- Bio-Inspired Optimization Algorithm Based on the Self-defense Mechanism in Plants -- Abstract -- 1 Introduction -- 2 Self-defense Mechanisms of the Plants -- 3 Predator-Prey Model -- 3.1 Analysis of the Lotka and Volterra Model -- 4 Proposed Optimization Algorithm Based on the Self-defense Mechanisms of Plants -- 5 Results -- 5.1 Statistical Comparison -- 6 Conclusions -- References -- On the Use of Ant Colony Optimization for Video Games -- 1 Introduction -- 2 Ant Colony Optimization -- 2.1 Mathematical Model of ACO -- 3 Algorithm Development for the Video Game -- 4 Video Game Implementation -- 5 Results -- 6 Conclusions -- References -- A System for Political Districting in the State of Mexico -- 1 Introduction -- 2 Problem Description -- 2.1 Population Equality -- 2.2 Compactness -- 2.3 Indigenous Districts -- 2.4 Geographical Features -- 2.5 Objective Function -- 3 Heuristic Algorithms -- 3.1 Simulated Annealing -- 3.2 Simulated Annealing Adaptation -- 3.3 Artificial Bee Colony -- 3.4 Artificial Bee Colony Adaptation -- 4 IEEM's Districting System. 327 $a4.1 Geographic Visualization System -- 4.2 Simulated Annealing Module -- 4.3 Artificial Bee Colony Module -- 5 Experimental Results and Discussion -- 6 Conclusions -- References -- Particle Swarm Optimization Algorithm for Dynamic Environments -- Abstract -- 1 Introduction -- 2 Proposed Method -- 3 Experiments -- 3.1 Moving Peaks Benchmark Problem -- 3.2 Varying Shift Severity -- 3.3 Varying Number of Peaks -- 3.4 Varying Number of Dimensions -- 4 Conclusions -- References -- A Migrating Birds Optimization Algorithm for Machine-Part Cell Formation Problems -- 1 Introduction -- 2 Related Work -- 3 Problem Description -- 4 Migrating Birds Optimization -- 4.1 Natural Migration of Birds -- 4.2 Migrating Birds Optimization Method -- 5 Computational Experiments -- 6 Conclusions -- References -- Solving Manufacturing Cell Design Problems Using an Artificial Fish Swarm Algorithm -- 1 Introduction -- 2 Related Work -- 3 Manufacturing Cell Design Problem -- 4 Artificial Fish Swarm Algorithm -- 4.1 Proposed Algorithm -- 5 Experimental Result -- 6 Conclusion and Future Work -- References -- Neural Networks -- A Simple Bio-Inspired Model for Synaptogenesis in Artificial Neural Networks -- 1 Introduction -- 2 Random Neuritic Propagation -- 3 Reaction-Difussion Mechanism in Neural Networks -- 3.1 Reaction-Difussion Models Applied to Morphogenesis -- 3.2 The Gierer-Meinhardt Model of Reaction-Difussion -- 3.3 The Gierer-Meinhardt Model Implementation -- 3.4 Neuritic Branching Conditioned by Markers Concentration -- 4 Implementation and Results -- 4.1 Efferences Propagation Rules -- 4.2 Synaptogenesis -- 5 Results -- 6 Conclusions -- References -- Control by Imitation Using a Maximum Sensibility Neural Network -- 1 Introduction -- 2 Maximum Sensibility Neural Network -- 2.1 Running of MSNN -- 2.2 Training of the MSNN -- 3 Experiments -- 3.1 Plant Description. 327 $a3.2 Control Structure. 330 $aThe two volume set LNAI 9413 + LNAI 9414 constitutes the proceedings of the 14th Mexican International Conference on Artificial Intelligence, MICAI 2015, held in Cuernavaca, Morelos, Mexico, in October 2015. The total of 98 papers presented in these proceedings was carefully reviewed and selected from 297 submissions. They were organized in topical sections named: natural language processing; logic and multi-agent systems; bioinspired algorithms; neural networks; evolutionary algorithms; fuzzy logic; machine learning and data mining; natural language processing applications; educational applications; biomedical applications; image processing and computer vision; search and optimization; forecasting; and intelligent applications. 410 0$aLecture Notes in Artificial Intelligence ;$v9413 606 $aArtificial intelligence 606 $aOptical data processing 606 $aHealth informatics 606 $aApplication software 606 $aInformation storage and retrieval 606 $aAlgorithms 606 $aArtificial Intelligence$3https://scigraph.springernature.com/ontologies/product-market-codes/I21000 606 $aComputer Imaging, Vision, Pattern Recognition and Graphics$3https://scigraph.springernature.com/ontologies/product-market-codes/I22005 606 $aHealth Informatics$3https://scigraph.springernature.com/ontologies/product-market-codes/I23060 606 $aInformation Systems Applications (incl. Internet)$3https://scigraph.springernature.com/ontologies/product-market-codes/I18040 606 $aInformation Storage and Retrieval$3https://scigraph.springernature.com/ontologies/product-market-codes/I18032 606 $aAlgorithm Analysis and Problem Complexity$3https://scigraph.springernature.com/ontologies/product-market-codes/I16021 615 0$aArtificial intelligence. 615 0$aOptical data processing. 615 0$aHealth informatics. 615 0$aApplication software. 615 0$aInformation storage and retrieval. 615 0$aAlgorithms. 615 14$aArtificial Intelligence. 615 24$aComputer Imaging, Vision, Pattern Recognition and Graphics. 615 24$aHealth Informatics. 615 24$aInformation Systems Applications (incl. Internet). 615 24$aInformation Storage and Retrieval. 615 24$aAlgorithm Analysis and Problem Complexity. 676 $a006.3 702 $aSidorov$b Grigori$4edt$4http://id.loc.gov/vocabulary/relators/edt 702 $aGalicia-Haro$b Sofía N$4edt$4http://id.loc.gov/vocabulary/relators/edt 801 0$bMiAaPQ 801 1$bMiAaPQ 801 2$bMiAaPQ 906 $aBOOK 912 $a996466232003316 996 $aAdvances in Artificial Intelligence and Soft Computing$92831777 997 $aUNISA LEADER 05579nam 2200721Ia 450 001 9911020173703321 005 20200520144314.0 010 $a9786611087883 010 $a9781281087881 010 $a1281087882 010 $a9783527606740 010 $a3527606742 010 $a9783527606917 010 $a3527606912 035 $a(CKB)1000000000375906 035 $a(EBL)481583 035 $a(SSID)ssj0000106160 035 $a(PQKBManifestationID)11130814 035 $a(PQKBTitleCode)TC0000106160 035 $a(PQKBWorkID)10108921 035 $a(PQKB)10167817 035 $a(MiAaPQ)EBC481583 035 $a(iGPub)WILEYB0018591 035 $a(OCoLC)85820783 035 $a(Perlego)2751805 035 $a(EXLCZ)991000000000375906 100 $a20050207d2005 uy 0 101 0 $aeng 135 $aur|n|---||||| 181 $ctxt 182 $cc 183 $acr 200 00$aArtificial photosynthesis $efrom basic biology to industrial application /$fedited by Anthony F. Collings and Christa Critchley 205 $a1st ed. 210 $aWeinheim $cWiley-VCH ;$a[Chichester $cJohn Wiley, distributor]$dc2005 215 $a1 online resource (341 p.) 300 $aDescription based upon print version of record. 311 08$a9783527310906 311 08$a3527310908 320 $aIncludes bibliographical references and index. 327 $aArtificial Photosynthesis; Foreword; Preface; Contents; List of Contributors; Part I The Context; 1 Artificial Photosynthesis: Social and Political Issues; 1.1 Introduction; 1.2 The Need for a Transition to Artificial Photosynthesis; 1.3 Some Associated Social and Political Issues; 1.4 Using the Available Photons: Towards Sustainability Science; 1.5 Conclusions; References; 2 An Integrated Artificial Photosynthesis Model; 2.1 Introduction; 2.2 Natural Photosynthesis; 2.3 Artificial Photosynthesis: An Integrated Strategy; 2.4 A Technological Approach to Photosynthesis 327 $a2.5 Program 1: Biomimetic Photoelectric Generation2.5.1 Milestones; 2.6 Program 2: Electrolytic Hydrogen; 2.6.1 Milestones; 2.7 Programs 3 and 4: Waterless Agriculture; 2.7.1 Program 3: Bioenergetic Converters; 2.7.1.1 Milestones; 2.7.2 Program 4: The CO(2)-fixing Enzyme Reactor; 2.7.2.1 Milestones; 2.8 Conclusions; References; Part II Capturing Sunlight; 3 Broadband Photon-harvesting Biomolecules for Photovoltaics; 3.1 Introduction; 3.2 The Photoelectrochemical Gra?tzel Cell (Dye-sensitized Solar Cell); 3.3 Typical Components and Performance of a DSSC; 3.3.1 Construction and Mode of Operation 327 $a3.3.2 Typical DSSC Performance3.3.3 Device Limitations; 3.4 Melanins as Broadband Sensitizers for DSSCs; 3.4.1 Melanin Basics; 3.4.2 Melanin Chemical, Structural, and Spectroscopic Properties; 3.4.3 Melanin Electrical and Photoconductive Properties; 3.4.4 Melanins as Broadband Photon-harvesting Systems; 3.4.5 A DSSC Based Upon Synthetic Eumelanin; 3.5 Conclusions; References; 4 The Design of Natural Photosynthetic Antenna Systems; 4.1 Introduction; 4.2 Confined Geometries: From Weak to Strong Coupling and Everything in Between 327 $a4.2.1 Conventional Fo?rster Theory: B800 to B800 Intra-band Energy Transfer4.2.2 Generalized Fo?rster Theory: B800 to B850 Inter-band Energy Transfer; 4.2.3 Generalized Fo?rster Theory with the Transition Density Cube Method: Car to Bchl Inter-pigment Energy Transfer; 4.2.4 Modified Redfield Theory: Intra-band B850 Exciton Dynamics; 4.3 Energetic Disorder Within Light-harvesting Complexes; 4.3.1 From Isolated Complexes to Membranes: Disorder in LH2; 4.3.2 Photosystem I; 4.4 Photochemistry and Photoprotection in the Bacterial Reaction Center; 4.5 The Regulation of Photosynthetic Light Harvesting 327 $a4.6 Concluding RemarksReferences; 5 Identifying Redox-active Chromophores in Photosystem II by Low-temperature Optical Spectroscopies; 5.1 Introduction; 5.2 Experimental Methods; 5.2.1 Sample Preparation; 5.2.2 Illumination; 5.2.3 Spectra; 5.3 Results and Discussion; 5.3.1 Absorption and CD Signatures: Plant PSII Cores and BBYs; 5.3.2 Absorption and CD Signatures: Plant and Cyanobacterial PSII Cores; 5.3.3 Absorption Signatures: The Native and Solubilized Reaction Center; 5.3.4 MCD Signatures: P680 and Chl(Z); 5.3.5 Electrochromic Signature: Pheo(D1) in Active PSII; 5.4 Conclusions 327 $a5.4.1 Low-temperature Precision Polarization Spectroscopies 330 $aSince the events crucial to plant photosynthesis are now known in molecular detail, this process is no longer nature's secret, but can for the first time be mimicked by technology. Broad in its scope, this book spans the basics of biological photosynthesis right up to the current approaches for its technical exploitation, making it the most complete resource on artificial photosynthesis ever published. The contents draw on the expertise of the Australian Artificial Photosynthesis Network, currently the world's largest coordinated research effort to develop effective photosynthesis technolo 606 $aBiotechnology 606 $aPhotosynthesis$xIndustrial applications 606 $aPhotosynthesis 615 0$aBiotechnology. 615 0$aPhotosynthesis$xIndustrial applications. 615 0$aPhotosynthesis. 676 $a660.6 701 $aCollings$b Anthony F$01839388 701 $aCritchley$b Christa$01839389 801 0$bMiAaPQ 801 1$bMiAaPQ 801 2$bMiAaPQ 906 $aBOOK 912 $a9911020173703321 996 $aArtificial photosynthesis$94418604 997 $aUNINA